000 00348nam a2200145 i 4500
001 bg
100 1 _aCHOJNACKI, Adam
245 0 _aZasady koagulacji domieszek w wodzie /
_cAdam Chojnacki.
260 _aWarszawa,
_c1957.
040 _cBPK
041 _apol
080 _a628.1:541.18
942 _cKS
008 s pl f |000 0 pol
999 _c18177
_d18177
856 _uhttp://koha.tu.koszalin.pl/cgi-bin/koha/opac-detail.pl?biblionumber=18177
_yKatalog online BPK